000 00299nam a2200121Ia 4500
008 191201s2002 xx 000 0 und d
100 _aGUPT, Vijay
245 0 _aPankudiyan (Kavy Sanklan)
260 _aN. Delhi
_bAarya Samaj Sainik
_c2002
300 _a176
650 _aGeneral Books
942 _2ddc
_cBK
999 _c737
_d737